Fundamentals of internal combustion engines: (Record no. 34778)

MARC details
000 -LEADER
fixed length control field 00455nam a22001817a 4500
005 - DATE AND TIME OF LATEST TRANSACTION
control field 20231206115452.0
008 - FIXED-LENGTH DATA ELEMENTS--GENERAL INFORMATION
fixed length control field 231205b |||||||| |||| 00| 0 eng d
020 ## - INTERNATIONAL STANDARD BOOK NUMBER
ISBN 9788120328549
082 ## - DEWEY DECIMAL CLASSIFICATION NUMBER
Classification number 621.43
Item number GUP-
100 ## - MAIN ENTRY--AUTHOR
Author Name Gupta; H. N
245 ## - TITLE STATEMENT
Title Fundamentals of internal combustion engines:
Statement of responsibility, etc. Gupta; H. N
260 ## - PUBLICATION, DISTRIBUTION, ETC.
Place of Publication india
Name of publisher, distributor, etc. PHI
Date of publication, distribution, etc. 2006
300 ## - PHYSICAL DESCRIPTION
Pages 597
500 ## - GENERAL NOTE
General note Include Index
650 ## - SUBJECT ADDED ENTRY--TOPICAL TERM
Subject / Department Engineering
700 ## - ADDED ENTRY--PERSONAL NAME
Personal name H.N.Gupta
952 ## - LOCATION AND ITEM INFORMATION (KOHA)
-- 0
-- 0
Holdings
Lost status Damaged status Collection code Permanent Location Current Location Shelving Location Date acquired Full Call Number Accession No./Barcode Date last seen item type Koha item type
    Engineering Superior Information Resource Center (SIRC) Superior University- Main Campus Superior Information Resource Center (SIRC) Superior University- Main Campus Engineering 12/05/2023 621.43 GUP-F 2006 29016 12/05/2023 BOOK BOOK

Powered by Koha